Shwedagon : Symbol of strength and serenity

Bibliographic Details
Format: Book
Published: Myanmar : Yangon City Development Committee , 1997
Subjects:

MARC

LEADER 00000cam a2200000 7i4500
001 0000015510
005 20050704.0
040 |a INS 
090 0 0 |a BQ6335R36.   |b S536 1997 
245 0 0 |a Shwedagon :   |b Symbol of strength and serenity 
260 |a Myanmar :   |b Yangon City Development Committee ,   |c 1997 
300 |a 317p ;   |c 33cm. 
650 0 0 |a Architecture,Buddhist-Burma-Rangoon 
650 0 0 |a Buddhist art and symbolism-Burma-Rangoon 
650 0 0 |a Burmase-Religion life and customs 
999 |a 0000015459   |b BOOK   |c Open Shelf   |e Default branch